| 000 | 00000cas 2200000zi 4500 |
| 001 | 9.910302 |
| 003 | CaOODSP |
| 005 | 20260618131741 |
| 006 | m o d f |
| 007 | cr cn |||||||| |
| 008 | 210414d20212021nucar p o f0###a0ikt|d |
| 022 | |a2816-3923 |
| 040 | |aCaOODSP|bfre|erda|cCaOODSP |
| 043 | |an-cn---|ar------|at------ |
| 086 | 1 |aR101-6Ikt-PDF |
| 222 | 0|aUkiuqtaqtumi qauyihimanuarviat |
| 245 | 00|aUkiuqtaqtumi qauyihimanuarviat : |baqhaliat kangiqhipkaidjutit. |
| 246 | 13|a[Aqhaliat rapport] |
| 246 | 30|aAqhaliat kangiqhipkaidjutit |
| 264 | 1|aIqaluktuutiami, Nunavumi, Kanatamia : |bSavoir polaire Canada = Polar Knowledge Canada, |c[2021] |
| 310 | |aAnnuel |
| 336 | |atexte|btxt|2rdacontent/fre |
| 337 | |ainformatique|bc|2rdamedia/fre |
| 338 | |aressource en ligne|bcr|2rdacarrier/fre |
| 362 | 1 |aParaît depuis : Atautimiitut 4-mi [2021]; ne paraît plus après : Atautimiitut 4-mi [2021]. |
| 500 | |aPublié aussi en français sous le titre : Savoir polaire : aqhaliat rapport. |
| 546 | |aTexte en inuinnaqtun. |
| 588 | |aDescription d'après : Atautimiitut 4-mi [2021]; titre de la page couverture du fichier PDF. |
| 588 | |aDernière livraison consultée : Atautimiitut 4-mi [2021]. |
| 650 | 6|aRégions polaires|xRecherche|zCanada|vPériodiques. |
| 655 | 7|aPériodiques|2rvmgf |
| 710 | 2 |aSavoir polaire Canada, |eorganisme de publication. |
| 775 | 08|tSavoir polaire : |w(CaOODSP)9.882040 |
| 775 | 08|tUkiuqtaqtumi qaujimaniq : |w(CaOODSP)9.910298 |
| 788 | |tUkiuqtaqtumi qauyihimanuarviat : |eeng|w(CaOODSP)9.910301 |